| 000 | 04614nam a2200469Ii 4500 | ||
|---|---|---|---|
| 001 | DIGCIDOB035 | ||
| 003 | NyNyDIG | ||
| 006 | m o d | ||
| 007 | cr ||||||||||| | ||
| 008 | 131201s2008 sp ab ob 100 0 spa d | ||
| 020 | _z9788492511013 | ||
| 020 | _z849251101X | ||
| 035 | _a(OCoLC)1050236188 | ||
| 040 |
_aDGITA _beng _erda _epn _cDGITA |
||
| 050 | 1 | 4 | _aJV8252 eBook |
| 111 | 2 |
_aTraining Seminar de Jóvenes Investigadores en Dinámicas Interculturales _n(1st : _d2007 : _cBarcelona, Spain) |
|
| 245 | 1 | 3 |
_aLa política de lo diverso : _b¿producción, reconocimiento o apropiación de lo intercultural?. / _cI Training Seminar de Jóvenes Investigadores en Dinámicas Interculturales. |
| 264 | 1 |
_aBarcelona : _bFundació CIDOB, _c[2008] |
|
| 300 |
_a1 online resource : _billustrations, maps. |
||
| 336 |
_atext _btxt _2rdacontent |
||
| 337 |
_acomputer _bc _2rdamedia |
||
| 338 |
_aonline resource _bcr _2rdacarrier |
||
| 490 | 1 | _aColección Monografías | |
| 500 | _a"Esta publicación ofrece el conjunto de ponencias y conferencias presentadas en el I Training Seminar del Foro de Jóvenes Investigadores en Dinámicas Interculturales (FJIDI) que tuvo lugar en la sede de la Fundación CIDOB los días 29 y 30 de octubre de 2007" (page 5). | ||
| 504 | _aIncludes bibliographical references. | ||
| 505 | 0 | _aRepresentaciones culturales, imaginarios y comunidad imaginada enla interpretación del universo intercultural / Mary Nash -- De lejos y de cerca : diferenciaciones y negociaciones identitarias entre gitanos catalanes y romá procedentes de Rumania / Martí Marfà i Castán -- De la esclavitud a la world music : dinámicas interculturales en la reinvención del imaginario y de la identidad de los gnawa de Marruecos / Silvia Discacciati -- Inmigración, identidad y procesos de inclusión y exclusión social / Núria Roca i Caparà -- Algunas cuestiones en torno a las dinámicas de la investigación sobreproducción cultural en el ámbito de la interculturalidad / Josetxo Cerdán -- La televisión como industria cultural y como coproductora deimaginarios / Luisa Martínez García -- La fiesta y los movimientos sociales en la promoción de una identidad de barrio : La "Batalla Naval" de Vallecas / Elisabeth Lorenzi Fernández -- Ingredientes mapuches : elementos para la construcción de la identidad nacional / Isabel M. Aguilera Bornand -- Introducción al debate : relación entre institucionalidad e interculturalidad / Carlos Giménez Romero -- Estado, nación y soberanía : límites de la concepción monista de la ciudadanía contemporánea / Raimundo Viejo Viñas -- Institucionalización, interculturalidad y mediación ciudadana o natural : reflexiones desde un proyecto en curso / Albert Moncusí Ferré -- Instituciones culturales nacionales y ciudadanía universal / Elena Delgado Corral -- ¿Qué ciudadanía para qué?, o, Sobre lo que tienen que decir los saberes migrantes con relación al debate sobre la(s) ciudadanía(s) / Amarela Varela Huerta -- Democracia y ciudadanía intercultural : dimensióncultural-comunitaria e interculturalismo en el ámbito institucionalciudadano / Dan Rodríguez García -- Hacia una nueva ciudadanía : "la ciudadanía de la Unión" / Alejandra Morales Pérez -- Nuevos espacios de negociación intercultural / Carles Feixa -- La investigación-acción-participación (IAP) en el contexto del proyecto barrios del mundo : historias urbanas / Silvana Ospina -- Músicas latinas en Barcelona : espacios de reafirmación y negociación de identidades / Isabel Llano Camacho -- Interpretando la diferencia / Sameer Rawal. | |
| 588 | 0 | _aOnline resource; title from PDF title page (Digitalia, viewed December 1, 2013) | |
| 650 | 0 |
_aCultural pluralism _vCongresses. |
|
| 650 | 0 |
_aAcculturation _vCongresses. |
|
| 650 | 0 |
_aCitizenship _vCongresses. |
|
| 650 | 0 |
_aGroup identity _vCongresses. |
|
| 655 | 7 |
_aConference papers and proceedings. _2lcgft |
|
| 655 | 0 | _aElectronic books. | |
| 710 | 2 |
_aCIDOB (Center), _esponsoring body. |
|
| 791 | 2 |
_aDigitalia (Firm), _edistributor. |
|
| 776 | 0 | 8 |
_iPrint version: _aTraining Seminar de jóvenes investigadores en Dinámicas Interculturales (1st : 2007 : Barcelona, Spain). _tPolítica de lo diverso producción, reconocimiento o apropiación de lo intercultural? _dBarcelona : Fundació CIDOB, [2008] _w(OCoLC)427500849 |
| 830 | 0 | _aMonografías (CIDOB (Center)) | |
| 793 | 0 |
_gDigitalia eBook Collection: _aFundació CIDOB |
|
| 856 | 4 | 0 |
_3Digitalia Hispánica _uhttps://www.digitaliapublishing.com/a/19608/ |
| 910 | _aPremium Collection: 2007-2012 | ||
| 942 | _cRAA | ||
| 999 |
_c236540 _d236540 |
||